[Event "Aalst op 15th"]
[Site "Aalst"]
[Date "2013.05.01"]
[Round "3"]
[White "Ringoir, Guy"]
[Black "Lamon, Daniel"]
[Result "0-1"]
[WhiteElo "1881"]
[BlackElo "1816"]
[PlyCount "62"]
[EventDate "2013.04.17"]
[EventType "swiss"]
[EventRounds "9"]
[EventCountry "BEL"]
[SourceTitle "EXT 2014"]
[Source "ChessBase"]
[SourceDate "2013.11.20"]
[SourceVersion "1"]
[SourceVersionDate "2013.11.20"]
[SourceQuality "1"]

1. e4 d5 2. exd5 Qxd5 3. Nf3 Nf6 4. d4 Bg4 5. Be2 e6 6. 0-0 Bd6 7. h3 Bh5 8. c4 Qc6 9. Nc3 Qd7 10. Qb3 c6 11. Bg5 0-0 12. Rfd1 Qc7 13. Rac1 Nbd7 14. d5 Nc5 15. Qc2 Bg6 16. Qd2 Nfe4 17. Nxe4 Nxe4 18. Qe1 Nxg5 19. Nxg5 Bf4 20. Nf3 Bxc1 21. Rxc1 exd5 22. cxd5 Qd6 23. dxc6 bxc6 24. Qc3 Rfe8 25. Bd1 Be4 26. Nd2 Bd5 27. Bc2 Re7 28. Qd3 Qg6 29. Qf1 Qg5 30. Nb3 Rae8 31. f3 Qg3 0-1

[Event "Commonwealth-ch RSA op"]
[Site "Gauteng"]
[Date "2011.06.26"]
[Round "3"]
[White "Ringoir, Guy"]
[Black "Ovcina, Dennis"]
[Result "0-1"]
[WhiteElo "1870"]
[BlackElo "2248"]
[PlyCount "44"]
[EventDate "2011.06.25"]
[EventType "swiss"]
[EventRounds "11"]
[EventCountry "RSA"]
[SourceTitle "CBM 143 Extra"]
[Source "ChessBase"]
[SourceDate "2011.08.29"]
[SourceVersion "1"]
[SourceVersionDate "2011.08.29"]
[SourceQuality "1"]

1. e4 c5 2. Nc3 Nc6 3. f4 g6 4. Nf3 Bg7 5. Bb5 Nd4 6. 0-0 a6 7. Bc4 e6 8. d3 Ne7 9. Nxd4 cxd4 10. Ne2 d5 11. Bb3 dxe4 12. dxe4 Nc6 13. g3 Na5 14. f5 Nxb3 15. axb3 e5 16. f6 Bf8 17. Bd2 h5 18. Qe1 Bd7 19. Bb4 Bb5 20. Rf3 Rc8 21. c4 Bc6 22. Ra5 Bd6 0-1

[Event "Geraardsbergen op 26th"]
[Site "Geraardsbergen"]
[Date "2010.08.14"]
[Round "8"]
[White "Legemaat, Gert"]
[Black "Ringoir, Guy"]
[Result "1-0"]
[WhiteElo "2230"]
[BlackElo "1870"]
[PlyCount "113"]
[EventDate "2010.08.11"]
[EventType "swiss"]
[EventRounds "9"]
[EventCountry "BEL"]
[SourceTitle "CBM 138 Extra"]
[Source "ChessBase"]
[SourceDate "2010.10.29"]
[SourceVersion "1"]
[SourceVersionDate "2010.10.29"]
[SourceQuality "1"]

1. d4 Nf6 2. c4 c5 3. d5 e6 4. Nc3 exd5 5. cxd5 d6 6. e4 g6 7. f4 Bg7 8. Bb5+ Nfd7 9. a4 a6 10. Bd3 Qh4+ 11. g3 Qd8 12. Nf3 0-0 13. 0-0 Nf6 14. Kg2 Bg4 15. h3 Bxf3+ 16. Qxf3 Nbd7 17. a5 Qc7 18. Bd2 Rae8 19. Na4 Re7 20. Bc3 Rfe8 21. Rfe1 c4 22. Bc2 Nc5 23. Nxc5 Qxc5 24. Ba4 Rd8 25. Rad1 Nd7 26. Bxd7 Bxc3 27. Qxc3 Rexd7 28. Rd4 Rc7 29. Rc1 Rdc8 30. g4 b5 31. axb6 Qxb6 32. e5 Re7 33. Re1 Qb5 34. e6 fxe6 35. dxe6 Qc6+ 36. Kg3 d5 37. f5 Rb8 38. Qd2 gxf5 39. gxf5 Qd6+ 40. Kh4 Rg7 41. Rg4 Qe7+ 42. Kg3 Rb3+ 43. Re3 Qd6+ 44. Kf3 Rxg4 45. hxg4 Qe5 46. Rxb3 Qe4+ 47. Kg3 Qe5+ 48. Kh3 cxb3 49. Qg5+ Kh8 50. Qd8+ Kg7 51. Qe7+ Kh6 52. g5+ Kh5 53. Qxh7+ Kxg5 54. Qg6+ Kf4 55. Qg3+ Kxf5 56. Qxe5+ Kxe5 57. e7 1-0

[Event "Geraardsbergen op 25th"]
[Site "Geraardsbergen"]
[Date "2009.08.16"]
[Round "9"]
[White "Jans, Michael"]
[Black "Ringoir, Guy"]
[Result "1-0"]
[WhiteElo "2162"]
[BlackElo "1877"]
[PlyCount "65"]
[EventDate "2009.08.12"]
[EventType "swiss"]
[EventRounds "9"]
[EventCountry "BEL"]
[SourceTitle "CBM 132 Extra"]
[Source "ChessBase"]
[SourceDate "2009.11.03"]
[SourceVersion "1"]
[SourceVersionDate "2009.11.03"]
[SourceQuality "1"]

1. e4 c5 2. Nc3 Nc6 3. g3 g6 4. Bg2 Bg7 5. d3 d6 6. Be3 e5 7. Qd2 Be6 8. f4 f5 9. Nf3 Nge7 10. Ng5 Bg8 11. 0-0 h6 12. Nf3 exf4 13. gxf4 Be6 14. Rae1 0-0 15. e5 b6 16. exd6 Qxd6 17. Ne5 Rae8 18. Nb5 Bxe5 19. Nxd6 Bxd6 20. c3 Bxa2 21. b4 Bf7 22. bxc5 bxc5 23. Ra1 Nd5 24. Bxd5 Bxd5 25. Qf2 c4 26. Bc5 Re6 27. Bxd6 Rxd6 28. Qc5 Rfd8 29. d4 Bf7 30. Rfe1 R8d7 31. Ra6 Kf8 32. Re5 Nxe5 33. fxe5 1-0

[Event "Geraardsbergen op 25th"]
[Site "Geraardsbergen"]
[Date "2009.08.14"]
[Round "6"]
[White "Ringoir, Guy"]
[Black "Barbier, Sigiswald"]
[Result "1/2-1/2"]
[WhiteElo "1877"]
[BlackElo "2036"]
[PlyCount "45"]
[EventDate "2009.08.12"]
[EventType "swiss"]
[EventRounds "9"]
[EventCountry "BEL"]
[SourceTitle "CBM 132 Extra"]
[Source "ChessBase"]
[SourceDate "2009.11.03"]
[SourceVersion "1"]
[SourceVersionDate "2009.11.03"]
[SourceQuality "1"]

1. e4 g6 2. Nc3 Bg7 3. f4 c5 4. Nf3 Nc6 5. Bb5 Nd4 6. 0-0 a6 7. Bc4 e6 8. d3 Ne7 9. Nxd4 cxd4 10. Ne2 0-0 11. Qe1 d5 12. Bb3 dxe4 13. dxe4 Bd7 14. Ng3 Qb6 15. Qf2 Rad8 16. Kh1 Qc7 17. Bd2 b5 18. Bb4 Bc8 19. f5 a5 20. Bxe7 Qxe7 21. a3 Qc7 22. f6 Bh8 23. Rad1 1/2-1/2

[Event "EU Union-ch 4th"]
[Site "Liverpool"]
[Date "2008.09.18"]
[Round "10"]
[White "Ringoir, Guy"]
[Black "Cannon, Raymond Charles"]
[Result "0-1"]
[WhiteElo "1944"]
[BlackElo "2041"]
[PlyCount "118"]
[EventDate "2008.09.09"]
[EventType "swiss"]
[EventRounds "10"]
[EventCountry "ENG"]
[SourceTitle "CBM 126 Extra"]
[Source "ChessBase"]
[SourceDate "2008.11.05"]
[SourceVersion "1"]
[SourceVersionDate "2008.11.05"]
[SourceQuality "1"]

1. e4 d6 2. d4 Nf6 3. Nc3 g6 4. h3 Bg7 5. Be3 c6 6. a4 Qa5 7. Bd3 Nbd7 8. Rb1 Qb4 9. Nf3 0-0 10. 0-0 e5 11. dxe5 dxe5 12. Bd2 Qe7 13. b4 a5 14. bxa5 Rxa5 15. Nd5 cxd5 16. Bxa5 dxe4 17. Bb4 Nc5 18. Ne1 exd3 19. Nxd3 b6 20. a5 Nd5 21. axb6 Nxb4 22. Nxb4 Bb7 23. Nd5 Qg5 24. c4 Ne6 25. Rb3 Nf4 26. Nxf4 Qxf4 27. Qg4 Qxg4 28. hxg4 Rd8 29. Ra1 e4 30. Rc1 e3 31. fxe3 Rd2 32. c5 Rxg2+ 33. Kf1 Rh2 34. Rbb1 Be5 35. c6 Bxc6 36. Rxc6 Rh1+ 37. Ke2 Rxb1 38. Kd3 Rb4 39. g5 Kg7 40. Ke2 h5 41. gxh6+ Kxh6 42. Kf3 f5 43. Re6 Bh2 44. Re8 Kg5 45. Re6 Rb3 46. Kg2 Bb8 47. Kf2 Kh5 48. Rf6 Rb5 49. Kf3 Be5 50. Re6 Bb2 51. Kf2 g5 52. Kf3 Be5 53. b7 g4+ 54. Kf2 Rb2+ 55. Kf1 Bc7 56. e4 fxe4 57. Rxe4 Rxb7 58. Re8 Rb2 59. Rg8 Kh4 0-1

[Event "La Fere op 7th"]
[Site "La Fere"]
[Date "2008.07.10"]
[Round "7"]
[White "Ringoir, Guy"]
[Black "Ben Porat, Tal"]
[Result "1-0"]
[WhiteElo "1944"]
[BlackElo "1659"]
[PlyCount "51"]
[EventDate "2008.07.05"]
[EventType "swiss"]
[EventRounds "9"]
[EventCountry "FRA"]
[SourceTitle "CBM 125 Extra"]
[Source "ChessBase"]
[SourceDate "2008.09.01"]
[SourceVersion "1"]
[SourceVersionDate "2008.09.01"]
[SourceQuality "1"]

1. e4 e6 2. d4 d5 3. Nd2 c5 4. exd5 Qxd5 5. Ngf3 cxd4 6. Bc4 Qd6 7. 0-0 Nf6 8. Nb3 Nc6 9. Nbxd4 Nxd4 10. Nxd4 a6 11. Re1 Qc7 12. Bb3 Bd6 13. h3 0-0 14. Bg5 Be7 15. Qe2 Nd5 16. Bxe7 Nxe7 17. Rad1 Bd7 18. Bxe6 fxe6 19. Nxe6 Bxe6 20. Qxe6+ Rf7 21. Rd7 Qxc2 22. Rxe7 Qxf2+ 23. Kh1 Rb8 24. Qd5 h6 25. Rd1 Kf8 26. Rxf7+ 1-0

[Event "Maastricht Limburg op"]
[Site "Maastricht"]
[Date "2008.05.10"]
[Round "3"]
[White "Ringoir, Guy"]
[Black "Michalczak, Thomas"]
[Result "0-1"]
[WhiteElo "1941"]
[BlackElo "2329"]
[PlyCount "42"]
[EventDate "2008.05.09"]
[EventType "swiss"]
[EventRounds "7"]
[EventCountry "NED"]
[SourceTitle "EXT 2009"]
[Source "ChessBase"]
[SourceDate "2008.11.26"]
[SourceVersion "1"]
[SourceVersionDate "2008.11.26"]
[SourceQuality "1"]

1. e4 e5 2. Nf3 Nc6 3. Bb5 a6 4. Ba4 Nf6 5. 0-0 Be7 6. Re1 b5 7. Bb3 d6 8. h3 0-0 9. c3 Nb8 10. d4 Nbd7 11. Be3 Bb7 12. dxe5 dxe5 13. Ng5 Nxe4 14. Nxf7 Rxf7 15. Qf3 Ndf6 16. Bxf7+ Kxf7 17. Rd1 Qc8 18. Qe2 Qf5 19. Nd2 Nxd2 20. Rxd2 Bd6 21. c4 Qe4 0-1

[Event "Stuttgart-chA int"]
[Site "Ditzingen"]
[Date "2008.05.02"]
[Round "4"]
[White "Wagner, Florian"]
[Black "Ringoir, Guy"]
[Result "1-0"]
[WhiteElo "2183"]
[BlackElo "1941"]
[PlyCount "61"]
[EventDate "2008.05.01"]
[EventType "swiss"]
[EventRounds "7"]
[EventCountry "GER"]
[SourceTitle "EXT 2018"]
[Source "ChessBase"]
[SourceDate "2017.10.13"]
[SourceVersion "1"]
[SourceVersionDate "2017.10.13"]
[SourceQuality "1"]

1. e4 c5 2. c3 Nf6 3. e5 Nd5 4. Nf3 e6 5. d4 cxd4 6. cxd4 d6 7. Bc4 Nb6 8. Bd3 Nc6 9. a3 dxe5 10. dxe5 Be7 11. 0-0 0-0 12. Nc3 Nd5 13. Bd2 Nxc3 14. Bxc3 b6 15. Qe2 Bb7 16. Rac1 Rc8 17. h4 g6 18. Rfd1 Qc7 19. Qe3 Rfd8 20. h5 Bf8 21. Ng5 Bh6 22. Qg3 Bxg5 23. Qxg5 Qe7 24. Qf4 Rd5 25. Be4 Rxd1+ 26. Rxd1 Rd8 27. Rd6 g5 28. Qd2 Rxd6 29. exd6 Qd8 30. d7 Na5 31. Bf6 1-0

[Event "Stuttgart-chA int"]
[Site "Ditzingen"]
[Date "2008.05.01"]
[Round "1"]
[White "Ringoir, Guy"]
[Black "Nabavi, Parwis"]
[Result "1/2-1/2"]
[WhiteElo "1941"]
[BlackElo "2185"]
[PlyCount "50"]
[EventDate "2008.05.01"]
[EventType "swiss"]
[EventRounds "7"]
[EventCountry "GER"]
[SourceTitle "EXT 2018"]
[Source "ChessBase"]
[SourceDate "2017.10.13"]
[SourceVersion "1"]
[SourceVersionDate "2017.10.13"]
[SourceQuality "1"]

1. e4 c5 2. Nc3 Nc6 3. f4 g6 4. Nf3 Bg7 5. Bb5 Nd4 6. 0-0 Nxb5 7. Nxb5 d5 8. exd5 a6 9. Nc3 Nf6 10. d4 Nxd5 11. dxc5 Nxc3 12. Qxd8+ Kxd8 13. bxc3 Bxc3 14. Rb1 Kc7 15. Rb3 Bg7 16. Bd2 a5 17. Rfb1 Ra7 18. Be3 Ra6 19. Rb5 Rd8 20. Bd2 Rxd2 21. Nxd2 Bd4+ 22. Kf1 Be3 23. Nc4 Bxf4 24. g3 Bh6 25. Rb6 Ra7 1/2-1/2

[Event "Groningen Harmonie op-B"]
[Site "Groningen"]
[Date "2007.12.26"]
[Round "5"]
[White "Costello, Colin"]
[Black "Ringoir, Guy"]
[Result "0-1"]
[WhiteElo "2013"]
[BlackElo "1938"]
[PlyCount "82"]
[EventDate "2007.12.21"]
[EventType "swiss"]
[EventRounds "9"]
[EventCountry "NED"]
[SourceTitle "CBM 121 Extra"]
[Source "ChessBase"]
[SourceDate "2008.01.10"]
[SourceVersion "1"]
[SourceVersionDate "2008.01.10"]
[SourceQuality "1"]

1. c4 c5 2. Nc3 g6 3. Nf3 Nc6 4. g3 Bg7 5. Bg2 d6 6. 0-0 e5 7. e3 Nge7 8. d4 cxd4 9. exd4 exd4 10. Nb5 Bg4 11. Bf4 Be5 12. Qd2 Bxf3 13. Bxf3 a6 14. Na3 0-0 15. Rfe1 Qb6 16. Rab1 Bxf4 17. gxf4 Nf5 18. b4 Rfe8 19. b5 Rxe1+ 20. Qxe1 axb5 21. cxb5 Nce7 22. Nc4 Qc5 23. Nd2 d5 24. Rc1 Qxb5 25. Rc7 Qb4 26. Bg4 Qd6 27. Rxb7 Qxf4 28. h3 h5 29. Bd1 Rxa2 30. Nf3 Ra1 31. Kg2 Ra8 32. Bc2 Ra3 33. Bb3 Qe4 34. Qxe4 dxe4 35. Ng5 e3 36. Bxf7+ Kg7 37. Bc4 Rc3 38. Rc7 Rc2 39. Ne6+ Kf6 40. Kg1 exf2+ 41. Kg2 Ne3+ 0-1

[Event "BEL-chT2 0708"]
[Site "Belgium"]
[Date "2007.10.21"]
[Round "2"]
[White "Ringoir, Guy"]
[Black "Van de Velde, Koen"]
[Result "1/2-1/2"]
[WhiteElo "1927"]
[BlackElo "2145"]
[PlyCount "82"]
[EventDate "2007.10.07"]
[EventType "team-tourn"]
[EventRounds "11"]
[EventCountry "BEL"]
[SourceTitle "EXT 2009"]
[Source "ChessBase"]
[SourceDate "2008.11.26"]
[SourceVersion "1"]
[SourceVersionDate "2008.11.26"]
[SourceQuality "1"]
[WhiteTeam "Bredene II"]
[BlackTeam "KGSRL II"]
[WhiteTeamCountry "BEL"]
[BlackTeamCountry "BEL"]

1. e4 e5 2. Nf3 Nc6 3. Bb5 a6 4. Ba4 Nf6 5. 0-0 Be7 6. Re1 b5 7. Bb3 d6 8. c3 0-0 9. h3 Nd7 10. d4 Bf6 11. Bc2 Nb6 12. a4 Nxa4 13. d5 Nb8 14. Bxa4 bxa4 15. Qxa4 Nd7 16. b4 Nb6 17. Qc2 Bd7 18. c4 c6 19. c5 dxc5 20. bxc5 Nxd5 21. Bb2 Nb4 22. Qd2 a5 23. Bc3 Be6 24. Bxb4 axb4 25. Rxa8 Qxa8 26. Qxb4 Rb8 27. Qc3 Rb3 28. Qc2 Qa5 29. Nbd2 Rc3 30. Qb2 Qxc5 31. Qb8+ Qf8 32. Qb2 Rd3 33. Rc1 Qd6 34. Qc2 h6 35. Nb1 Bb3 36. Qb2 Rd1+ 37. Rxd1 Bxd1 38. Nbd2 Bxf3 39. Nxf3 c5 40. Qc3 Be7 41. Qc4 Bf6 1/2-1/2

[Event "Politiken Cup 29th"]
[Site "Copenhagen"]
[Date "2007.07.27"]
[Round "8"]
[White "Ringoir, Guy"]
[Black "Helgadottir, Sigridur Bjorg"]
[Result "1-0"]
[WhiteElo "1938"]
[BlackElo "1564"]
[PlyCount "35"]
[EventDate "2007.07.21"]
[EventType "swiss"]
[EventRounds "10"]
[EventCountry "DEN"]
[SourceTitle "CBM 119 Extra"]
[Source "ChessBase"]
[SourceDate "2007.09.04"]
[SourceVersion "1"]
[SourceVersionDate "2007.09.04"]
[SourceQuality "1"]

1. e4 c5 2. Nf3 d6 3. d4 cxd4 4. Nxd4 Nf6 5. Nc3 a6 6. Bg5 e6 7. f4 Be7 8. Qf3 Qc7 9. 0-0-0 b5 10. Bxf6 Bxf6 11. Bxb5+ axb5 12. Ndxb5 Qc6 13. Rxd6 Qb7 14. Rxe6+ Kf8 15. Nd6 Qd7 16. Re8+ Qxe8 17. Nxe8 Kxe8 18. e5 1-0

[Event "Politiken Cup 29th"]
[Site "Copenhagen"]
[Date "2007.07.22"]
[Round "3"]
[White "Corke, Anya Sun"]
[Black "Ringoir, Guy"]
[Result "1-0"]
[WhiteElo "2149"]
[BlackElo "1938"]
[PlyCount "75"]
[EventDate "2007.07.21"]
[EventType "swiss"]
[EventRounds "10"]
[EventCountry "DEN"]
[SourceTitle "CBM 119 Extra"]
[Source "ChessBase"]
[SourceDate "2007.09.04"]
[SourceVersion "1"]
[SourceVersionDate "2007.09.04"]
[SourceQuality "1"]

1. d4 Nf6 2. Bg5 c5 3. Bxf6 exf6 4. dxc5 Bxc5 5. e3 0-0 6. Nd2 Re8 7. Bd3 d5 8. c3 Nc6 9. Ne2 Ne5 10. Nb3 Nxd3+ 11. Qxd3 Bb6 12. Nf4 Re5 13. Nd4 g5 14. Nfe2 Qe7 15. Nf3 Bf5 16. Qd1 Re8 17. Nxe5 Qxe5 18. 0-0 Bg4 19. Qd2 h5 20. Nd4 h4 21. Rae1 h3 22. g3 Bxd4 23. exd4 Qb8 24. Rxe8+ Qxe8 25. f3 Bh5 26. Re1 Qd7 27. Qe2 Kg7 28. g4 Bg6 29. Qf1 f5 30. Qxh3 fxg4 31. Qxg4 Qd8 32. Qg3 f6 33. Re6 Bf7 34. Qd6 Qc8 35. Rxf6 Qh3 36. Qe7 Qh5 37. Rf5 Qh7 38. Rxf7+ 1-0

[Event "Politiken Cup 29th"]
[Site "Copenhagen"]
[Date "2007.07.21"]
[Round "1"]
[White "Rasmussen, Casper"]
[Black "Ringoir, Guy"]
[Result "1-0"]
[WhiteElo "2343"]
[BlackElo "1938"]
[PlyCount "49"]
[EventDate "2007.07.21"]
[EventType "swiss"]
[EventRounds "10"]
[EventCountry "DEN"]
[SourceTitle "CBM 119 Extra"]
[Source "ChessBase"]
[SourceDate "2007.09.04"]
[SourceVersion "1"]
[SourceVersionDate "2007.09.04"]
[SourceQuality "1"]

1. Nf3 Nf6 2. c4 g6 3. Nc3 Bg7 4. g3 0-0 5. Bg2 d6 6. d4 Nbd7 7. 0-0 e5 8. e4 Ne8 9. Re1 exd4 10. Nxd4 Nc5 11. Be3 Ne6 12. Nb3 Nf6 13. f4 Re8 14. h3 Bd7 15. Qc2 a5 16. a4 Bc6 17. g4 b6 18. Rad1 Qc8 19. f5 Nc5 20. Nxc5 dxc5 21. e5 Bxg2 22. exf6 Bxh3 23. fxg7 Bxg4 24. Nd5 Rxe3 25. Rxe3 1-0

[Event "Stuttgart-chA int"]
[Site "Gerlingen"]
[Date "2007.05.20"]
[Round "7"]
[White "Bader, Gerd"]
[Black "Ringoir, Guy"]
[Result "1-0"]
[WhiteElo "2133"]
[BlackElo "1954"]
[PlyCount "83"]
[EventDate "2007.05.17"]
[EventType "swiss"]
[EventRounds "7"]
[EventCountry "GER"]
[SourceTitle "EXT 2018"]
[Source "ChessBase"]
[SourceDate "2017.10.13"]
[SourceVersion "1"]
[SourceVersionDate "2017.10.13"]
[SourceQuality "1"]

1. e4 c5 2. Nc3 Nc6 3. g3 g6 4. Bg2 Bg7 5. d3 d6 6. Be3 e5 7. Qd2 Be6 8. Nge2 Qd7 9. Nd5 h5 10. h3 f5 11. Bg5 Bxd5 12. exd5 Nce7 13. f4 Bh6 14. fxe5 Bxg5 15. Qxg5 dxe5 16. c4 Qd6 17. Nc3 a6 18. 0-0-0 0-0-0 19. Rde1 Nh6 20. Qe3 Nf7 21. h4 Rhe8 22. Na4 b6 23. b4 f4 24. gxf4 exf4 25. Qe6+ Qxe6 26. Rxe6 Rd6 27. Rhe1 Rxe6 28. Rxe6 cxb4 29. Nxb6+ Kd8 30. Be4 Rg8 31. c5 Nf5 32. d6 Nd4 33. Rf6 Ne5 34. Nc4 Nxc4 35. dxc4 g5 36. hxg5 Rxg5 37. c6 Rg8 38. Kd2 b3 39. axb3 Nxb3+ 40. Kc3 Nc5 41. Bf5 Rg3+ 42. Kb4 1-0

[Event "Stuttgart-chA int"]
[Site "Gerlingen"]
[Date "2007.05.18"]
[Round "4"]
[White "Ringoir, Guy"]
[Black "Hirneise, Jens"]
[Result "0-1"]
[WhiteElo "1954"]
[BlackElo "2088"]
[PlyCount "86"]
[EventDate "2007.05.17"]
[EventType "swiss"]
[EventRounds "7"]
[EventCountry "GER"]
[SourceTitle "EXT 2018"]
[Source "ChessBase"]
[SourceDate "2017.10.13"]
[SourceVersion "1"]
[SourceVersionDate "2017.10.13"]
[SourceQuality "1"]

1. e4 c5 2. Nc3 Nc6 3. f4 g6 4. Nf3 Bg7 5. Bb5 Nd4 6. 0-0 a6 7. Bc4 e6 8. d3 d6 9. Nxd4 Bxd4+ 10. Kh1 Ne7 11. Qe1 0-0 12. e5 b5 13. Ne4 dxe5 14. Nf6+ Kh8 15. fxe5 Ng8 16. Bg5 h6 17. Rf3 Bxe5 18. Qxe5 Qd4 19. Qxd4 cxd4 20. Bh4 bxc4 21. dxc4 Rb8 22. b3 Bb7 23. Rf2 Bc6 24. Nxg8 Kxg8 25. Bf6 Rfe8 26. Bxd4 e5 27. Bc3 f5 28. Rd1 Re6 29. Kg1 Rbe8 30. Rfd2 f4 31. Rd6 g5 32. c5 e4 33. Rxe6 Rxe6 34. Rd6 Kf7 35. Rxe6 Kxe6 36. Bd4 h5 37. a4 g4 38. a5 e3 39. Kf1 Kd5 40. c3 Ke4 41. Ke2 f3+ 42. gxf3+ gxf3+ 43. Kf1 Bd7 0-1

[Event "EU-ch 8th"]
[Site "Dresden"]
[Date "2007.04.03"]
[Round "1"]
[White "Ragger, Markus"]
[Black "Ringoir, Guy"]
[Result "1-0"]
[WhiteElo "2498"]
[BlackElo "1954"]
[PlyCount "41"]
[EventDate "2007.04.03"]
[EventType "swiss"]
[EventRounds "11"]
[EventCountry "GER"]
[SourceTitle "CBM 118"]
[Source "ChessBase"]
[SourceDate "2007.05.31"]
[SourceVersion "1"]
[SourceVersionDate "2007.05.31"]
[SourceQuality "1"]

1. e4 c5 2. Nf3 d6 3. d4 cxd4 4. Nxd4 Nf6 5. Nc3 a6 6. Be3 e5 7. Nb3 Be6 8. f3 Nbd7 9. Qd2 b5 10. 0-0-0 Nb6 11. Qf2 Nc4 12. Bxc4 bxc4 13. Na5 Qc8 14. Nd5 Nxd5 15. exd5 Bd7 16. f4 Rb8 17. Bd2 Be7 18. fxe5 dxe5 19. Qg3 0-0 20. Bh6 g6 21. Qxe5 1-0

[Event "Rewal op 11th"]
[Site "Rewal"]
[Date "2006.08.24"]
[Round "5"]
[White "Wiewiora, Eneasz"]
[Black "Ringoir, Guy"]
[Result "1/2-1/2"]
[WhiteElo "1887"]
[BlackElo "1958"]
[PlyCount "36"]
[EventDate "2006.08.21"]
[EventType "swiss"]
[EventRounds "11"]
[EventCountry "POL"]
[SourceTitle "EXT 2010"]
[Source "ChessBase"]
[SourceDate "2010.11.25"]
[SourceVersion "1"]
[SourceVersionDate "2010.11.25"]
[SourceQuality "1"]

1. e4 c5 2. c3 Nf6 3. e5 Nd5 4. d4 cxd4 5. cxd4 Nc6 6. Nf3 d6 7. Be2 dxe5 8. dxe5 Bf5 9. a3 e6 10. 0-0 Qc7 11. Bd2 0-0-0 12. Qc1 Kb8 13. Nc3 Nxc3 14. Bxc3 Be7 15. Qe3 h6 16. Rac1 Qb6 17. Qxb6 axb6 18. Rfd1 Rxd1+ 1/2-1/2

[Event "Rewal op 11th"]
[Site "Rewal"]
[Date "2006.08.21"]
[Round "1"]
[White "Bartel, Marta"]
[Black "Ringoir, Guy"]
[Result "1-0"]
[WhiteElo "2299"]
[BlackElo "1958"]
[PlyCount "107"]
[EventDate "2006.08.21"]
[EventType "swiss"]
[EventRounds "11"]
[EventCountry "POL"]
[SourceTitle "EXT 2010"]
[Source "ChessBase"]
[SourceDate "2010.11.25"]
[SourceVersion "1"]
[SourceVersionDate "2010.11.25"]
[SourceQuality "1"]

1. d4 Nf6 2. Nf3 e6 3. c4 c5 4. Nc3 d5 5. cxd5 exd5 6. g3 Nc6 7. Bg2 Be6 8. 0-0 h6 9. Qa4 Qd7 10. Rd1 Bd6 11. Nb5 0-0 12. Nxd6 Qxd6 13. Bf4 Qe7 14. dxc5 Qxc5 15. Rac1 Qb6 16. Qa3 Rfe8 17. Be3 Qd8 18. Nd4 Ne5 19. b3 Neg4 20. Bf4 Bc8 21. h3 Ne5 22. Nb5 g5 23. Bxe5 Rxe5 24. Nc7 Rb8 25. Qxa7 Be6 26. e3 Ne4 27. Nxe6 fxe6 28. Qd4 Qf6 29. Bxe4 dxe4 30. Rd2 Rf8 31. Rc7 b5 32. Rdc2 Qf5 33. Qd7 Rf7 34. Qxf7+ Qxf7 35. Rxf7 Kxf7 36. a4 bxa4 37. bxa4 Rd5 38. Rc4 Re5 39. Rb4 Ke7 40. Rd4 Kf6 41. Kg2 h5 42. g4 hxg4 43. hxg4 Ke7 44. Kg3 Ke8 45. Rb4 Kd7 46. Rb5 Rxb5 47. axb5 Kc7 48. f4 exf3 49. Kxf3 Kb6 50. Ke4 Kxb5 51. Ke5 Kc4 52. Kxe6 Kd3 53. Kf5 Kxe3 54. Kxg5 1-0